Welcome to the Holygrace Academy Library

Please use search bar below to get started

MATHEMATICS FOR PHYSICISTS (Record no. 1320)

MARC details
000 -LEADER
fixed length control field 00334nam a22001457a 4500
020 ## - INTERNATIONAL STANDARD BOOK NUMBER
ISBN 981-254-248-5
082 ## - DEWEY DECIMAL CLASSIFICATION NUMBER
Classification number 510
Item number LEA/M
100 ## - MAIN ENTRY--AUTHOR NAME
Personal name LEA, SUSAN M
245 ## - TITLE STATEMENT
Title MATHEMATICS FOR PHYSICISTS
250 ## - EDITION STATEMENT
Edition statement FIRST REPRINT
260 ## - PUBLICATION, DISTRIBUTION, ETC. (IMPRINT)
Place of publication CHENNAI
Name of publisher VIJAY NICOLE
Year of publication 2003
300 ## - PHYSICAL DESCRIPTION
Number of Pages 602
650 ## - SUBJECT ADDED ENTRY--TOPICAL TERM
Topical Term MATHS REFERENCE
Geographic subdivision INDIA
942 ## - ADDED ENTRY ELEMENTS (KOHA)
Koha item type Books
Holdings
Withdrawn status Lost status Collection code Home library Current library Shelving location Date acquired Source of acquisition Full call number Accession Number Koha item type
    Reference Main Library Main Library SHELF-5 A REFERENCE MATHS 23/10/2006 purchase 510 LEA/M 03316 Books